Information needs, information seeking behaviour and users / (Record no. 63522)

MARC details
000 -LEADER
fixed length control field 00443nam a22001457a 4500
005 - DATE AND TIME OF LATEST TRANSACTION
control field 20170828144734.0
020 ## - INTERNATIONAL STANDARD BOOK NUMBER
International Standard Book Number 8170003164
Terms of availability 375.00
035 ## - SYSTEM CONTROL NUMBER
System control number B-058665
037 ## - SOURCE OF ACQUISITION
Stock number DPL
Source of stock number/acquisition ENG
100 ## - MAIN ENTRY--PERSONAL NAME
Personal name Laloo, Bikika Tariang
245 ## - TITLE STATEMENT
Title Information needs, information seeking behaviour and users /
Statement of responsibility, etc by Bikika Tariang Laloo
260 ## - PUBLICATION, DISTRIBUTION, ETC. (IMPRINT)
Place of publication, distribution, etc New Delhi
Name of publisher, distributor, etc Ess Ess Publications
300 ## - PHYSICAL DESCRIPTION
Extent 150p.
Dimensions 18 cms.
942 ## - ADDED ENTRY ELEMENTS (KOHA)
Source of classification or shelving scheme Dewey Decimal Classification
Item type English Books
Classification part 028
Call number suffix LAL
Holdings
Withdrawn status Lost status Not for loan Collection code Home library Current library Date acquired Cost, normal purchase price Full call number Barcode Cost, replacement price Koha item type
      Non-fiction Sarojini Nagar Sarojini Nagar 27/02/2012 375.00 028 LAL B-058665 375.00 English Books

© Delhi Public Library
Hit Counter
free hit counter